[Event "45th Sitges Open 2019"]
[Site "Sitges"]
[Date "2019.07.30"]
[Round "9.8"]
[White "Lopez Gonzalez, Abel Fabian"]
[Black "Mateus, Alejandro"]
[Result "1/2-1/2"]
[WhiteElo "2355"]
[BlackElo "2334"]
[Annotator "ChessBase"]
[PlyCount "116"]
[EventDate "2019.07.21"]
[EventType "swiss"]
[EventCountry "ESP"]
[SourceTitle "playchess.com"]
[Source "ChessBase"]
[SourceQuality "1"]
[TimeControl "40/5400+30:1800+30"]

1. d4 {[%emt 0:12:57]} Nf6 {[%emt 0:00:00]} 2. c4 {[%emt 0:00:18]} e6 {[%emt 0:00:17]} 3. Nc3 {[%emt 0:00:07]} Bb4 {[%emt 0:00:25]} 4. Qc2 {[%emt 0:00:09]} d5 {[%emt 0:00:40]} 5. cxd5 {[%emt 0:00:08]} Qxd5 {[%emt 0:01:13]} 6. a3 {[%emt 0:00:21]} Bxc3+ {[%emt 0:00:43]} 7. bxc3 {[%emt 0:00:02]} c5 {[%emt 0:04:49]} 8. f3 {[%emt 0:00:07]} cxd4 {[%emt 0:04:21]} 9. cxd4 {[%emt 0:00:02]} Nc6 {[%emt 0:01:00]} 10. e3 {[%emt 0:01:04]} O-O {[%emt 0:04:21]} 11. Bc4 {[%emt 0:01:48]} Qd6 {[%emt 0:04:01]} 12. Ne2 {[%emt 0:06:51]} e5 {[%emt 0:06:19]} 13. O-O {[%emt 0:02:52]} Be6 {[%emt 0:04:40]} 14. dxe5 {[%emt 0:12:49]} Qxe5 {[%emt 0:03:45]} 15. Rb1 {[%emt 0:01:34]} Bf5 {[%emt 0:14:13]} 16. Bd3 {[%emt 0:32:07]} Bxd3 {[%emt 0:00:37]} 17. Qxd3 {[%emt 0:00:02]} Rfd8 {[%emt 0:08:07]} 18. Qc4 {[%emt 0:00:02]} Rac8 {[%emt 0:06:16]} 19. Rxb7 {[%emt 0:02:59]} Nd5 {[%emt 0:04:10]} 20. Qe4 {[%emt 0:05:35]} Qxe4 {[%emt 0:07:51]} 21. fxe4 {[%emt 0:00:02]} Nf6 {[%emt 0:04:06]} 22. Bb2 {[%emt 0:02:09]} Rd7 {[%emt 0:00:22]} 23. Rxd7 {[%emt 0:01:01]} Nxd7 {[%emt 0:00:05]} 24. Rc1 {[%emt 0:01:23]} Ne7 {[%emt 0:01:35]} 25. Rxc8+ {[%emt 0:05:44]} Nxc8 {[%emt 0:00:06]} 26. Bd4 {[%emt 0:00:10]} f6 {[%emt 0:01:38]} 27. Nc3 {[%emt 0:01:33]} a6 {[%emt 0:03:50]} 28. Kf2 {[%emt 0:03:39]} Nd6 {[%emt 0:00:49]} 29. Ke2 {[%emt 0:00:27]} Kf7 {[%emt 0:02:58]} 30. Kd3 {[%emt 0:00:23]} Ke6 {[%emt 0:00:41]} 31. Kc2 {[%emt 0:01:39]} Nb5 {[%emt 0:05:52]} 32. Nb1 {[%emt 0:00:48]} Ne5 {[%emt 0:01:07]} 33. Kb3 {[%emt 0:02:57]} Ng4 {[%emt 0:03:43]} 34. Kb4 {[%emt 0:02:21]} Nxh2 {[%emt 0:00:08]} 35. Ka5 {[%emt 0:00:02]} Nc7 {[%emt 0:01:30]} 36. Kb6 {[%emt 0:01:09]} Kd7 {[%emt 0:00:12]} 37. Kb7 {[%emt 0:00:25]} Ng4 {[%emt 0:01:23]} 38. Bb6 {[%emt 0:00:09]} Nb5 {[%emt 0:00:33]} 39. a4 {[%emt 0:00:40]} Nd6+ {[%emt 0:00:19]} 40. Kxa6 {[%emt 0:00:00]} Kc6 {[%emt 0:00:00]} 41. Nc3 {[%emt 0:01:07]} Nf2 {[%emt 0:05:49]} 42. Nb5 {[%emt 0:04:19]} Nfxe4 {[%emt 0:02:57]} 43. Nd4+ {[%emt 0:06:38]} Kd5 {[%emt 0:01:15]} 44. a5 {[%emt 0:02:56]} Nd2 {[%emt 0:04:21]} 45. Bc7 {[%emt 0:05:09]} N6c4 {[%emt 0:09:19]} 46. Kb5 {[%emt 0:03:13]} Nxa5 {[%emt 0:03:01]} 47. Bxa5 {[%emt 0:00:07]} Nf1 {[%emt 0:03:20]} 48. Nc2 {[%emt 0:01:34]} Ke4 {[%emt 0:00:46]} 49. Kc4 {[%emt 0:01:11]} Nxe3+ {[%emt 0:00:37]} 50. Nxe3 {[%emt 0:00:08]} Kxe3 {[%emt 0:00:01]} 51. Bb6+ {[%emt 0:01:03]} Kf4 {[%emt 0:01:12]} 52. Bc7+ {[%emt 0:00:42]} Kg4 {[%emt 0:00:59]} 53. Kd4 {[%emt 0:03:57]} h5 {[%emt 0:00:19]} 54. Ke3 {[%emt 0:00:30]} h4 {[%emt 0:00:51]} 55. Kf2 {[%emt 0:00:38]} g5 {[%emt 0:00:52]} 56. Kg1 {[%emt 0:02:01]} h3 {[%emt 0:00:23]} 57. g3 {[%emt 0:00:23]} f5 {[%emt 0:00:27]} 58. Kh2 {[%emt 0:00:07]} f4 {[%emt 0:00:08]} 1/2-1/2